| 000 | 00973nam a2200301Ia 4500 | ||
|---|---|---|---|
| 001 | Z_4860 | ||
| 003 | CHAP | ||
| 008 | 220113s2003 xx 000 0 und d | ||
| 010 | _a167914 | ||
| 040 | _cCHAP | ||
| 090 | _aTesis G 1718 | ||
| 100 |
_aGómez Pérez, Dolores _949857 |
||
| 245 |
_aEfecto de estrato y edad de rebrote en la composición química de la alfalfa, producción de gas, espuma y pH durante su fermentación in vitro / _cpor Dolores Gómez Pérez |
||
| 260 |
_aChapingo, Méx. : _bEl autor, _c2003 |
||
| 300 | _a45 h. | ||
| 502 | _aTesis (Ing. Agr. Esp. en Zootecnia) -- UACH. Departamento de Zootecnia | ||
| 650 |
_aAlfalfa como forraje _93899 |
||
| 650 |
_aAlfalfa _xAnálisis _93848 |
||
| 650 |
_aDetergentes _xEfecto en animales _932210 |
||
| 650 |
_aRumiantes _xAlimentación |
||
| 650 |
_aRumiantes _xEnfermedades _9100844 |
||
| 901 | _aTESIS G 1718 | ||
| 902 | _aM | ||
| 910 | _a2003 | ||
| 942 | _c2 | ||
| 942 | _c2 | ||
| 999 |
_c167914 _d167914 |
||